书目信息 |
| 题名: |
毕加索
|
|
| 作者: | 吴新宇 编著 | |
| 分册: | ||
| 出版信息: | 沈阳 辽海出版社 1998.10 |
|
| 页数: | 209页 | |
| 开本: | 32开 | |
| 丛书名: | ||
| 单 册: | ||
| 中图分类: | K835.515.7 | |
| 科图分类: | ||
| 主题词: | 历史 , 地理 | |
| 电子资源: | ||
| ISBN: | 7-80638-911-3 | |
| 000 | 00544nam0 2200205 45 | |
| 001 | 0105290989 | |
| 005 | 20010529090741.7 | |
| 010 | @a7-80638-911-3@d11.40元 | |
| 100 | @a20010529d1998 km y0chiy0120 ea | |
| 101 | 0 | @achi |
| 105 | @a z 000yy | |
| 200 | 1 | @a毕加索@ABi Jia Suo@f吴新宇编著@FWu Xin Yu Bian Zhu |
| 210 | @a沈阳@c辽海出版社@d1998.10 | |
| 215 | @a209页@d32开 | |
| 606 | 0 | @a历史 |
| 606 | 0 | @a地理 |
| 690 | @aK835.515.7@v3 | |
| 701 | 0 | @a吴新宇@4编著 |
| 801 | @aCN@bPftUser@c20010529 | |
| 905 | @b344421-425@dK835.515.7@eW928@f5 | |
| 毕加索/吴新宇编著.-沈阳:辽海出版社,1998.10 |
| 209页;32开 |
| ISBN 7-80638-911-3:11.40元 |
| ● |
| 相关链接 |
|
|
|
正题名:毕加索
索取号:K835.515.7/W928
 
预约/预借
| 序号 | 登录号 | 条形码 | 馆藏地/架位号 | 状态 | 备注 |
| 1 | 344421 | 203444219 | 社科库309/309社科库 101排4列6层/ [索取号:K835.515.7/W928] | 在馆 | |
| 2 | 344422 | 203444228 | 社科库309/309社科库 101排4列6层/ [索取号:K835.515.7/W928] | 在馆 | |
| 3 | 344423 | 203444237 | 社科库309/309社科库 101排4列6层/ [索取号:K835.515.7/W928] | 在馆 | |
| 4 | 344424 | 203444246 | 社科库309/309社科库 101排4列6层/ [索取号:K835.515.7/W928] | 在馆 | |
| 5 | 344425 | 203444255 | 社科库309/309社科库 101排4列6层/ [索取号:K835.515.7/W928] | 在馆 |